000 00533nam a2200229Ia 4500
003 0100
008 130303s9999 xx 000 0 und d
020 _a0198880367
040 _cARRUPELIB
050 _aB2798.K33 1968
100 _aKemp, J.
245 4 _aThe philosophy of Kant
260 _aOxford
260 _bOxford University Press
260 _C1968
300 _a132p.
300 _b 20cm.
650 _bCosmology
650 _cReligion and science
650 _dCatholic church-doctrines
942 _2lcc
_03
999 _c64007
_d64007